[Event "Moscow op-B (Women)"]
[Site "Moscow"]
[Date "2016.02.04"]
[Round "6"]
[White "Sayafarova, Anna"]
[Black "Komleva, Ekaterina"]
[Result "1/2-1/2"]
[WhiteElo "1861"]
[BlackElo "1747"]
[PlyCount "103"]
[EventDate "2016.01.30"]
[EventType "swiss"]
[EventRounds "9"]
[EventCountry "RUS"]
[SourceTitle "CBM 170 Extra"]
[Source "ChessBase"]
[SourceDate "2016.02.25"]
[SourceVersion "1"]
[SourceVersionDate "2016.02.25"]
[SourceQuality "1"]

1. e4 c5 2. Nf3 d6 3. d4 cxd4 4. Nxd4 Nf6 5. Nc3 a6 6. a4 b6 7. Be2 Bb7 8. f3 e6 9. 0-0 Be7 10. Be3 0-0 11. Qe1 Nc6 12. Nxc6 Bxc6 13. Qf2 Nd7 14. Qg3 Qc7 15. Rfd1 Rfd8 16. Bf4 e5 17. Be3 Nf6 18. Qf2 Rdb8 19. Qf1 Qb7 20. Bc4 Rd8 21. Bg5 Ne8 22. Bxe7 Qxe7 23. Bxa6 Qa7 24. Bb5 Bxb5 25. Nxb5 Qe7 26. c4 Nc7 27. Nxc7 Qxc7 28. Rd5 Ra5 29. b3 f6 30. Rad1 Qa7 31. Qf2 Qc7 32. Qd2 Rxd5 33. Qxd5+ Kf8 34. Kf1 Ke7 35. Ke2 Qa7 36. Kd3 Qa6 37. Kc3 Qa7 38. Qb5 Rc8 39. Qd5 Rd8 40. g3 Qd7 41. Rd2 h6 42. a5 bxa5 43. Qxa5 Qb7 44. Ra2 Rd7 45. b4 Rc7 46. b5 Qc8 47. Ra4 Rc5 48. Qa7+ Kf8 49. Qa8 Rxc4+ 50. Kd3 Rc3+ 51. Kd2 Rc2+ 52. Kd1 1/2-1/2